000 00337pam a2200157a 44500
008 230515b2009 xxu||||| |||| 00| 0 eng d
020 _aNULL
041 _aMARATHI
082 _a610.73
100 _aRAJENDRA GHADGE
245 _aPRATIBIMB MANA MANATAL
250 _a0
260 _a
_bC B S
_c2009
300 _a71
650 _aNULL
999 _c528181
_d528181